Abstract Algebra with Applications : (Record no. 8358)

MARC details
000 -LEADER
fixed length control field 00563nam a22002057a 4500
003 - CONTROL NUMBER IDENTIFIER
control field OSt
005 - DATE AND TIME OF LATEST TRANSACTION
control field 20240610122231.0
008 - FIXED-LENGTH DATA ELEMENTS--GENERAL INFORMATION
fixed length control field 240610b |||||||| |||| 00| 0 eng d
020 ## - INTERNATIONAL STANDARD BOOK NUMBER
International Standard Book Number 0-8247-9159-2
040 ## - CATALOGING SOURCE
Transcribing agency MUST
082 ## - DEWEY DECIMAL CLASSIFICATION NUMBER
Classification number 512.02
100 ## - MAIN ENTRY--PERSONAL NAME
Personal name spindler, Karlheiz
9 (RLIN) 17005
245 ## - TITLE STATEMENT
Title Abstract Algebra with Applications :
Remainder of title Rings and Fields /
Statement of responsibility, etc. Spindler Karlheiz
260 ## - PUBLICATION, DISTRIBUTION, ETC. (IMPRINT)
Place of publication, distribution, etc. New York
Name of publisher, distributor, etc. Marcel Dekker, Inc
Date of publication, distribution, etc. 1994
300 ## - PHYSICAL DESCRIPTION
Extent xv,530p.
Other physical details : ill
Dimensions ; 26 cm
440 ## - SERIES STATEMENT/ADDED ENTRY--TITLE
Volume/sequential designation Volume 11
504 ## - BIBLIOGRAPHY, ETC. NOTE
Bibliography, etc includes index
650 ## - SUBJECT ADDED ENTRY--TOPICAL TERM
Source of heading or term Algebra
942 ## - ADDED ENTRY ELEMENTS (KOHA)
Source of classification or shelving scheme Dewey Decimal Classification
Koha item type Open Shelf
Holdings
Withdrawn status Lost status Source of classification or shelving scheme Damaged status Not for loan Home library Current library Date acquired Source of acquisition Inventory number Total Checkouts Full call number Barcode Date last seen Price effective from Koha item type
    Other/Generic Classification Scheme     MUST Main Library MUST Main Library 10/06/2024 purchase 05/24620   512.02 2024-20224 10/06/2024 10/06/2024 Open Shelf
    Other/Generic Classification Scheme     MUST Main Library MUST Main Library 10/06/2024 purchase 07/28969   512.02 2024-20225 10/06/2024 10/06/2024 Open Shelf
    Other/Generic Classification Scheme     MUST Main Library MUST Main Library 10/06/2024 purchase 05/24621   512.02 2024-20226 10/06/2024 10/06/2024 Open Shelf
    Other/Generic Classification Scheme     MUST Main Library MUST Main Library 10/06/2024 purchase 07/28968   512.02 2024-20227 10/06/2024 10/06/2024 Open Shelf